LEADER 01071nam a2200277 u 4500 001 000000056555 003 CaOOAMICUS 005 20070226120504.0 008 010409s1969 it u000 u ita u 035 $a10885423 040 $aPUL(R)$bita 041 0 $aita$hfre 100 1 $aCongar, Yves,$ccardinale,$d1904-1995.$0(OLS)http://pul/name/368 240 10$aAu milieu des orages.$litaliano.$0(OLS)http://pul/title/75638 245 14$aUna chiesa contestata /$cYves Congar. 260 $aBrescia :$bQueriniana,$c1969. 300 $a122 p. ;$c20 cm 490 1 $aMeditazioni teologiche.$aPrima serie ;$v30 504 $aBibliografia in nota. 830 0$aMeditazioni teologiche.$pPrima serie ;$v30.$0(OLS)http://pul/title/75474 850 $aPUL 852 $aPUL$W1$xSL Religione 1$y3$m65 I 52$j74168$nBK-PRI$b $qStampati$B74168$CPULBib$Z2$F74168 $H $81 941 1 $a8 961 $aINV: 79253 996 $6245$aUna chiesa contestata$9(OLS)http://pul/title/75639 996 $6260$aBrescia :$bQueriniana$9(OLS)http://pul/publisher/47906 LEADER 01444nam a2200325 a 4500 001 000000130715 003 CaOOAMICUS 005 20121005110451.0 008 121005s2012 it u000 u ita r 020 $a978-88-6056-321-7 040 $aPUL$bita 041 0 $aita$aeng 082 04$a266.2092 245 00$aScienza ragione fede :$bil genio di P. Matteo Ricci /$ca cura di Claudio Giuliodori e Roberto Sani. 260 $aMacerata :$bEUM Edizioni Universitą Macerata,$c©2012. 300 $a436 p. ;$c24 cm 500 $aIl vol. raccoglie gli atti di due convegni, tenuti a Roma e Macerata nel 2010. 504 $aBibliografia in nota. 546 $aInterventi in italiano e inglese. 600 14$aRicci, Matteo,$cS.I.,$d1552-1610.$0(OLS)http://pul/subject/8113 700 1 $aSani, Roberto,$d1958-$0(OLS)http://pul/name/30046 700 1 $aGiuliodori, Claudio,$cvescovo,$d1958-$0(OLS)http://pul/name/42645 850 $aPUL 852 $aPUL$W1$xDP2 Religione 3$y114$m266. 2092 GIUCL 1$j151135$qDDC 21$B149850$CPULBib$Z2$F149850 $H120939 $82 941 1 $a9 996 $6020$a978-88-6056-321-7$9(OLS)http://pul/number/150751 996 $6082$a266.2092$9(OLS)http://pul/classification/2381 996 $6245$aScienza ragione fede :$bil genio di P. Matteo Ricci$9(OLS)http://pul/title/165184 996 $6260$aMacerata :$bEUM Edizioni Universitą Macerata$9(OLS)http://pul/publisher/82032